| 000 | 00431nam a2200145Ia 4500 | ||
|---|---|---|---|
| 008 | 100415s9999 xx 000 0 und d | ||
| 082 |
_b8901 _a910 |
||
| 100 | _aNGM | ||
| 245 | _aThe National Geographic Magazine Vol. 130 | ||
| 260 |
_aWASHINGTON _c1966 _bNATIONAL GEOGRAPHIC SOCIETY |
||
| 365 | _b0 | ||
| 630 | _aThe National Geographic Magazine Vol. 130 | ||
| 730 | _aThe National Geographic Magazine Vol. 130 | ||
| 942 | _cBOOK | ||
| 999 |
_c591841 _d591838 |
||